00735nam a22002057a 4500999001900000005001700019010001500036020002700051035001400078037001300092082001200105100001600117245004200133260006400175270006100239300003700300700004200337942002600379952012400405 c196207d19620720230606155324.0 aENG-137097 a9789389211573c1195.00 aEN-120629 bDBAD/PUB a620.103 aDumir, P.C. aEngineering Mechanics:cby P.C. Dumir aTelanganabUniversities Press (India) Private Limitedc2020 a3-6-747/1/A & 3-6-754/1, HimayatnagarbHyderabade500029 ax, 830p.;c25cm(pbk)bAppendixes aS. Sengupta and Srinivas V Veeravalli 2ddccENmDUMh620.103 001040708NFICaBNbBNd2023-06-06eDBAD/PUBg1195.00l0o620.103 DUMpEN-120629r2023-06-06 00:00:00t1v1195.00yEN